Entrada Nombre personal
Número de registros utilizados en: 3
001 - NÚMERO DE CONTROL
- campo de control: 19803
003 - IDENTIFICADOR DE NÚMERO DE CONTROL
- campo de control: SpMaBN
005 - FECHA Y HORA DE LA ÚLTIMA TRANSACCIÓN
- campo de control: 20230703135329.0
008 - ELEMENTOS DE DATO DE LONGITUD-FIJA
- campo de control de longitud fija: 001116n| aijnnaabn |a aaa
016 ## - NÚMERO DE CONTROL DE UNA AGENCIA BIBLIOGRÁFICA NACIONAL
- Número de control del registro: BNE20004191386
024 7# - IDENTIFICADOR DE OTROS ESTÁNDARES
- Número estándar o código: http://www.wikidata.org/entity/Q18221072
- Fuente: wikidata
024 7# - IDENTIFICADOR DE OTROS ESTÁNDARES
- Número estándar o código: http://viaf.org/viaf/275605403/
- Fuente: viaf
024 7# - IDENTIFICADOR DE OTROS ESTÁNDARES
- Número estándar o código: https://isni.org/isni/0000000066380158
- Fuente: isni
040 ## - FUENTE DE CATALOGACIÓN
- Centro catalogador/agencia de origen: SpMaBN
- Lengua de catalogación: spa
- Centro/agencia transcriptor: SpMaBN
- Normas de descripción: rdc
- Convención/Normas de encabezamiento de materia/tesauro: embne
046 ## - FECHAS CON CODIFICACIÓN ESPECIAL
- Fecha de nacimiento: 1905
- Fecha de la muerte: 1994
100 1# - ENCABEZAMIENTO-NOMBRE DE PERSONA
- Nombre de persona: Alfaro, José María,
- Fechas asociadas al nombre: 1905-1994
370 ## - LUGAR ASOCIADO
- Lugar de nacimiento: Burgos, España
- Fuente del término: embne
- Fuente de información: (Wikidata)
- Número de control del registro de autoridad o número normalizado: XX450992
370 ## - LUGAR ASOCIADO
- Lugar de fallecimiento: Fuenterrabía, País Vasco, España
- Fuente del término: embne
372 ## - CAMPO DE ACTIVIDAD
- Campo de actividad: Poética
- Campo de actividad: Teatro en verso
- Fuente del término: tgfbne
373 ## - GRUPO ASOCIADO
- Grupo asociado: Consejo Nacional de FET y de las JONS
- Fuente de información: Wikidata
373 ## - GRUPO ASOCIADO
- Grupo asociado: Ateneo de Madrid
- Fuente de información: Listado de socios anteriores a 1 de abril de 1939 (Archivo del Ateneo); Ateneo de Madrid: memoria 1962-1967
374 ## - OCUPACIÓN
- Ocupación: Periodistas
- Ocupación: Críticos literarios
- Ocupación: Articulista político
- Fuente del término: embne
375 ## - GÉNERO/SEXO
- Género: Masculino
377 ## - IDIOMA ASOCIADO
- Código del idioma: spa
- Término de lengua/lenguaje: Español
400 1# - TRAZADO DE VÉASE--NOMBRE DE PERSONA
- Nombre de persona: Alfaro Polanco, José María,
- Fechas asociadas al nombre: 1905-1994
670 ## - FUENTE DE DATOS ENCONTRADOS
- Cita de la fuente: El abismo, 1978
- Información encontrada: port. (José María Alfaro)
670 ## - FUENTE DE DATOS ENCONTRADOS
- Cita de la fuente: SGAE, 1999
- Información encontrada: (Alfaro Polanco, José María; n. 1905, m. 1994; autor literario)
670 ## - FUENTE DE DATOS ENCONTRADOS
- Cita de la fuente: WWW BN España aut., 28/06/2023
- Información encontrada: (Alfaro, José María, 1905-1994)
678 ## - DATOS BIOGRÁFICOS O HISTÓRICOS
- Datos biográficos o históricos: Socio del Ateneo de Madrid n. 15000
- Ampliación de la nota: Fuentes: Listado de socios anteriores a 1 de abril de 1939 (Archivo del Ateneo); Ateneo de Madrid: memoria 1962-1967
856 4# - LOCALIZACIÓN Y ACCESO ELECTRÓNICOS
- Identificador Uniforme de Recursos: https://dialnet.unirioja.es/servlet/autor?codigo=20701
